[Event "SRB-chT2 East"]
[Site "Serbia"]
[Date "2017.10.07"]
[Round "10.5"]
[White "Ratkovic, Tihomir"]
[Black "Pavlovic, Andrija"]
[Result "1-0"]
[WhiteElo "1780"]
[BlackElo "1665"]
[PlyCount "79"]
[EventDate "2017.09.08"]
[EventType "team-tourn"]
[EventRounds "11"]
[EventCountry "SRB"]
[SourceTitle "EXT 2022"]
[Source "ChessBase"]
[SourceDate "2021.10.06"]
[SourceVersion "1"]
[SourceVersionDate "2021.10.06"]
[SourceQuality "1"]

1. Nf3 c5 2. c4 g6 3. Nc3 Bg7 4. g3 b6 5. Bg2 Bb7 6. 0-0 e6 7. d3 Ne7 8. a3 d5 9. Bg5 0-0 10. Qc1 d4 11. Ne4 f5 12. Ned2 Qc7 13. b4 Nbc6 14. bxc5 bxc5 15. Nb3 Nd8 16. a4 Nf7 17. Bxe7 Qxe7 18. Qa3 Rfc8 19. Rab1 Rab8 20. Nbxd4 e5 21. Nb5 e4 22. Nd2 exd3 23. exd3 Bxg2 24. Kxg2 f4 25. Ne4 Qd7 26. Rbd1 Ne5 27. f3 a6 28. Nbd6 Rc6 29. gxf4 Nf7 30. Nxf7 Qxf7 31. Rb1 Rd8 32. Rfd1 Qf5 33. Rb7 g5 34. h3 Rf8 35. Rxg7+ Kxg7 36. d4 Re6 37. Qd3 cxd4 38. Qxd4+ Kg8 39. Rd3 h5 40. Qd5 1-0

[Event "SRB-chT2 East"]
[Site "Serbia"]
[Date "2017.09.09"]
[Round "2.2"]
[White "Petrovic, Dusan"]
[Black "Pavlovic, Andrija"]
[Result "1-0"]
[WhiteElo "1873"]
[BlackElo "1665"]
[PlyCount "59"]
[EventDate "2017.09.08"]
[EventType "team-tourn"]
[EventRounds "11"]
[EventCountry "SRB"]
[SourceTitle "EXT 2022"]
[Source "ChessBase"]
[SourceDate "2021.10.06"]
[SourceVersion "1"]
[SourceVersionDate "2021.10.06"]
[SourceQuality "1"]

1. Nf3 d5 2. e3 Nf6 3. b3 Bf5 4. Ba3 Nbd7 5. d4 c6 6. Nbd2 Qa5 7. Qc1 Qc3 8. Be2 Qxc2 9. Qxc2 Bxc2 10. 0-0 e6 11. Bxf8 Nxf8 12. Rac1 Bg6 13. b4 N8d7 14. b5 cxb5 15. Rc7 0-0 16. Bxb5 Rfd8 17. Rxb7 Rab8 18. Rxb8 Rxb8 19. a4 Rc8 20. h3 Rc3 21. g4 Rc7 22. Nb3 h6 23. Nfd2 Ne4 24. Bxd7 Nxd2 25. Nxd2 Rxd7 26. Nb3 Rb7 27. Nc5 Rc7 28. f4 Bc2 29. Rc1 Be4 30. a5 1-0